Les plus gros partenaires commerciaux - Portugal - Statistiques

Statistiques générales
  • Ce quiz a été pris 212 fois
  • Le résultat moyen est 19 sur 25
Statistiques - réponses
exportations importations pays % Correct
7,01 md 5,26 md France
100%
14,6 md 22,2 md Espagne
99%
2,73 md 0,97 md Etats-Unis
99%
6,48 md 9,14 md Allemagne
96%
0,60 md 1,17 md Brésil
96%
3,92 md 2,09 md Royaume-Uni
96%
0,75 md 2,01 md Chine
94%
1,92 md 3,71 md Italie
93%
1,31 md Russie
91%
0,52 md Algérie
88%
1,35 md 1,91 md Belgique
88%
0,79 md Maroc
88%
0,59 md Suisse
88%
2,07 md 3,45 md Pays-Bas
83%
0,53 md 0,76 md Suède
76%
0,58 md Inde
74%
0,64 md 0,81 md Pologne
74%
0,47 md 0,59 md Turquie
72%
0,37 md 0,59 md Irlande
70%
1,66 md 0,90 md Angola
69%
0,37 md Danemark
59%
0,52 md Tchèquie
45%
0,43 md Roumanie
42%
0,51 md Arabie Saoudite
41%
0,50 md Azerbaïdjan
0%
Aucun quiz correspondant
Distribution des résultats
% des personnes avec chaque résultat
Percentile par nombre de réponses
Votre historique - résultats
Vous n’avez pas pris ce quiz